000 00343nam a2200145Ia 4500
008 191201s2009 xx 000 0 und d
082 _a658.5
_bCHP
100 _aCHUNAWALLA,S.A
245 0 _aProduct Management
250 _aRev.7th
260 _aN.Delhi
_bHimala Publication House
_c2009
300 _a339
650 _aMBA
942 _2ddc
_cBK
999 _c4296
_d4296